| Tag |
First Indicator |
Second Indicator |
Subfields |
| LEADER |
00000cam a2200000 4500 |
| 001 |
in00000307111 |
| 005 |
20151010140429.0 |
| 008 |
731015s1962 enkbh b 00010 eng |
| 010 |
|
|
|a 62053452
|
| 035 |
|
|
|a (OCoLC)00717576
|
| 035 |
|
|
|9 ABH2074AM
|
| 040 |
|
|
|c KEN
|d TXA
|d UtOrBLW
|
| 049 |
|
|
|a TXAM
|c [913963]
|c 2 [911925]
|
| 050 |
0 |
0 |
|a DA610
|b .D255
|
| 082 |
0 |
|
|a 914.27
|
| 100 |
1 |
|
|a Darby, H. C.
|q (Henry Clifford),
|d 1909-1992.
|
| 245 |
1 |
4 |
|a The Domesday geography of northern England /
|c edited by H. C. Darby and I. S. Maxwell.
|
| 264 |
|
1 |
|a Cambridge [England] :
|b University Press,
|c 1962.
|
| 300 |
|
|
|a xv, 540 pages :
|b maps (part color) color facsimiles ;
|c 24 cm.
|
| 336 |
|
|
|a text
|b txt
|2 rdacontent
|
| 337 |
|
|
|a unmediated
|b n
|2 rdamedia
|
| 338 |
|
|
|a volume
|b nc
|2 rdacarrier
|
| 490 |
1 |
|
|a [Domesday geography of England,
|v 4]
|
| 504 |
|
|
|a Includes bibliographical references.
|
| 630 |
0 |
0 |
|a Domesday book.
|
| 651 |
|
0 |
|a England
|x Historical geography.
|
| 700 |
1 |
|
|a Maxwell, Ian Stanley.
|
| 830 |
|
0 |
|a Domesday geography of England ;
|v no. 4.
|
| 999 |
|
|
|a MARS
|
| 999 |
f |
f |
|s 5de847d0-9239-328b-8708-90ca415557b5
|i b0662b70-b266-3946-9720-f79fb06da2c8
|t 0
|
| 952 |
f |
f |
|p ric
|a Texas A&M University
|b Rellis Campus
|c Joint Library Facility
|s JLF
|d Remote Storage
|t 0
|e DA610 .D255
|h Library of Congress classification
|i unmediated -- volume
|m A14801938643
|
| 998 |
f |
f |
|a DA610 .D255
|t 0
|l Remote Storage
|